00714nam a22001937a 450000500170000001000620001702000270007903500170010603500140012303700250013703700140016208200140017610000150019024501130020525000060031826000420032427001290036630000250049520251128153641.0 aB-773078-092 ENG-147143 BACEN25 c1500.00a9789392958977 aB-773078-092 aEN-130675 bSynergy Books India  bDBADaDPL a025.0421 aK. K Singh aAcademic Libraries Sustaining Excellence Through Innovation & Technology/cEdited By Shahzeb Hasen...[et.al] a1 aNew DelhibSynergy Books India c2024 bNew Delhia4800, Ground Floor, Harbans Stret, 24, Ansari Road, Darya ganje110002k011-43721077msynergybooksindia@gmail.com axiii,487p.c24cm(pb)